| 000 | 01159nam a22002057a 4500 | ||
|---|---|---|---|
| 999 |
_c60107 _d60107 |
||
| 003 | Ge_BSU | ||
| 005 | 20230608172023.0 | ||
| 008 | 230608s1970 ge ||||| |||| 00| 0 geo d | ||
| 041 | _ageo | ||
| 080 | _a911.2(479.22) მ-34 | ||
| 100 |
_aმარუაშვილი, ლევან _91502 |
||
| 245 |
_aსაქართველოს ფიზიკური გეოგრაფია : _b[სახელმძღვანელო სტუდენტებისათვის]. ნაწ. 2 / _cლევან მარუაშვილი; რედ. მ. სანებლიძე. |
||
| 250 | _aმე-2 გადამუშ. გამოცემა | ||
| 264 |
_aთბილისი : _bთბილ. უნ-ტის გამ-ბა, _c1970. |
||
| 300 |
_a347 გვ. : _bილ., 1 ფ. რუკა. _c22 სმ. |
||
| 501 | _aლიტერატურის დამატებითი სია: გვ. 345-346. | ||
| 653 | _aსაქართველოს ფიზიკური გეოგრაფია | ||
| 700 |
_aსანებლიძე, მ. _eრედაქტორი _918582 |
||
| 942 |
_2udc _cBK |
||